Efektívnosť využívania zdrojov vo verejnom školstve

Efektívnosť verejných výdavkov na vzdelávanie a identifikovanie veľkosti neefektívnosti prostredníctvom neparametrických modelov DEA. Vzdelávanie na Slovensku spomedzi krajín Vyšehradskej štvorky. Relatívna efektívnosť vzdelávania.

Na minha lista:
Detalhes bibliográficos
Autor principal: Harman, Jakub, 1996-
Formato: Capítulo de Livro
Idioma:eslovaco
Assuntos:
Tags: Adicionar Tag
Sem tags, seja o primeiro a adicionar uma tag!

MARC

LEADER 00000naa a2200000 4500
001 0269646
005 20240502074227.3
041 0 |a slo 
044 |a SK 
245 1 0 |a Efektívnosť využívania zdrojov vo verejnom školstve  |c Jakub Harman 
520 |a Efektívnosť verejných výdavkov na vzdelávanie a identifikovanie veľkosti neefektívnosti prostredníctvom neparametrických modelov DEA. Vzdelávanie na Slovensku spomedzi krajín Vyšehradskej štvorky. Relatívna efektívnosť vzdelávania. 
610 2 0 |a vzdelávanie 
610 2 0 |a výdavky verejné 
610 2 0 |a školstvo 
610 2 0 |a Slovensko 
610 2 0 |a Vyšehradská štvorka 
100 1 |a Harman, Jakub, 1996-